000 00238nam a2200097Ia 4500
001 837439
005 20250826172533.0
008 250824s9999 xx 000 0 und d
245 0 _aAŞKLA KAL
_cKAHRAMAN TEZEOĞLU
260 _bDESTEK YAYINLARI
999 _c837439
_d837439